Konkurencieschopnosť a jej pozícia v hospodárskej politike SR

Vývoj komoditnej štruktúry exportu a importu SR. Vývoj relatívnej obchodnej bilancie, vývoj salda obchodnej bilancie. Konkurencieschopnosť vybraných skupín komodít. Analýza vývoja konkurencieschopnosti SR pomocou vybraných multifaktorových ukazovateľov.

Na minha lista:
Detalhes bibliográficos
Autor principal: Baláž, Peter
Outros Autores: Hamara, Andrej
Formato: Capítulo de Livro
Idioma:eslovaco
Assuntos:
Tags: Adicionar Tag
Sem tags, seja o primeiro a adicionar uma tag!

MARC

LEADER 00000naa$a2200000$$$4500
001 0183023
005 20240502073129.5
041 0 |a slo 
044 |a SK 
245 1 0 |a Konkurencieschopnosť a jej pozícia v hospodárskej politike SR  |c Peter Baláž, Andrej Hamara 
520 |a Vývoj komoditnej štruktúry exportu a importu SR. Vývoj relatívnej obchodnej bilancie, vývoj salda obchodnej bilancie. Konkurencieschopnosť vybraných skupín komodít. Analýza vývoja konkurencieschopnosti SR pomocou vybraných multifaktorových ukazovateľov. 
610 2 0 |a politika zahraničnoobchodná 
610 2 0 |a Slovensko 
610 2 0 |a dovoz 
610 2 0 |a vývoz 
610 2 0 |a komodity 
610 2 0 |a bilancia obchodná 
610 2 0 |a konkurencieschopnosť 
100 1 |a Baláž, Peter 
700 1 |a Hamara, Andrej